| 000 | 00437nam a22001697a 4500 | ||
|---|---|---|---|
| 003 | MACL | ||
| 005 | 20160114153744.0 | ||
| 008 | 160114b xxu||||| |||| 00| 0 eng d | ||
| 040 | _cMACL | ||
| 041 | _aEnglish | ||
| 082 | _a741.642 | ||
| 100 |
_aChandra,Anil _989 |
||
| 245 | _aWhy The Elephant Has a Long Nose Why The Leopard Has Spots | ||
| 260 |
_aDelhi _bAtma Ram& Sons _c2014 |
||
| 650 |
_aChildren book _932308 |
||
| 942 |
_2ddc _cBK |
||
| 999 |
_c52263 _d52263 |
||